zpět

Detail výsledku týmu

Kozlovna M3, Olomouc

Datum a čas kvízu

28 Celkem bodů Celkový počet nahraných bodů na tomto kvízu bez doplňovacích otázek.
8. Pořadí na kvízu Konečné umístění týmu na tomto kvízu.

Zaznamenané odpovědi

# Otázka Odpověď Body Výsledky
1. Vicepremiér Karel Havlíček, kt... Ropák roku 1
2. Jak se nazývá evropská země, k... Island 0
3. Legendární Slovanská epopej Al... Moravský Krumlov 0
4. Letecký dopravce easyJet v čer... Barcelona 1
5. Minulý týden se rozhodlo o dvo... Montreal Canadiens, Tampa Bay Lightning 1
6. Toto téma vyhrálo minulý týden... gelato, sladoled 0.5
7. Jedna z nejoblíbenějších přích... stracciatella 1
8. Šmoulová zmrzlina je oblíbená... Belgie 0
9. Doplňte chybějící slovo do rek... tvarohová 1
10. Jeden z prvních dlouhometrážní... Nanuk 0